Score 0/20 Timer 04:00
0 Plays Today
Scrambled Word Unscrambled Word % Correct
LABLBall
98.4%
STRAStar
97.3%
PEWORPower
91.1%
LBWOBowl
89.7%
UGLEGlue
89.2%
ORHEHero
85.3%
VAONNova
85.2%
TRAMKEMarket
76%
NAHMUHuman
75.2%
LAYMIFFamily
72.9%
Scrambled Word Unscrambled Word % Correct
Word that can precede all these:Super
69.3%
PRICTSScript
65.6%
CIONSSonic
46%
AGHYWIHHighway
41.6%
TONDRUCCOConductor
39.3%
STONIPOIPosition
31.4%
GCERHADCharged
28.9%
REMOCTUPComputer
27%
ULANRATNatural
22.6%
DICEROLLCollider
9.1%
Remove Ads.
Support Sporcle.
Get the best of Sporcle when you Go Orange. This ad-free experience offers more features, more stats, and more fun while also helping to support Sporcle. Thank you for becoming a member.

You're not logged in!

Compare scores with friends on all Sporcle quizzes.
OR
Log In

Show Comments

Extras

Top Quizzes Today


Score Distribution

Your Account Isn't Verified!

In order to create a playlist on Sporcle, you need to verify the email address you used during registration. Go to your Sporcle Settings to finish the process.

Report this User

Report this user for behavior that violates our Community Guidelines.

Details: